Statistics for Video Game Characters Quiz

Click here to take the quiz!

General Stats

  • This quiz has been taken 108,688 times
    (91,681 since last reset)
  • The average score is 11 of 18

Answer Stats

Character Series % Correct
BowserSuper Mario
95%
Lara CroftTomb Raider
94%
LinkLegend of Zelda
91%
Master ChiefHalo
81%
Sub ZeroMortal Kombat
77%
Solid SnakeMetal Gear
74%
SamusMetroid
65%
GLaDOSPortal
61%
AltaïrAssassin's Creed
58%
FalcoStar Fox
51%
ZangiefStreet Fighter
51%
BlinkyPac-Man
48%
Chris RedfieldResident Evil
45%
Dr. WilyMega Man
44%
John MarstonRed Dead Redemption
41%
Heihachi MishimaTekken
33%
Simon BelmontCastlevania
32%
Chop Chop Master OnionPaRappa the Rapper
21%

Score Distribution

Percentile by Number Answered

Percent of People with Each Score

Your Score History

You have not taken this quiz since the last reset